| 000 | 00396nam a2200145Ia 4500 | ||
|---|---|---|---|
| 008 | 230917s9999||||xx |||||||||||||| ||und|| | ||
| 040 |
_e11303 _aMAIN |
||
| 041 | _aEnglish | ||
| 082 | _a300.72 B676E | ||
| 100 | _aBower, Robert T | ||
| 245 | 0 | _aEthics in social research: Protecting the intersts of human subjects | |
| 260 |
_aNew York _bPreager _c1978 |
||
| 300 | _aviii, 227 p. | ||
| 942 | _cBK | ||
| 999 |
_c206306 _d206306 |
||